000 00741nam a2200205 i 4500
001 189561
003 ES-MaACL
005 20230906223513.0
007 t|
008 190612s1951 sp r ||||1| spa d
100 1 _aVicioso, Carlos (
_d1886-1968)
_9114383
245 1 0 _aSalicáceas de España /
_cpor Carlos Vicioso.
260 _aMadrid :
_bInstituto Forestal de Investigaciones y Experiencias,
_c1951.
300 _a131 p. :
_bil. ;
_c24 cm.
490 1 _aInstituto Forestal de Investigaciones y Experiencias ;
_vAño XXII nº 57
650 4 _aSalicáceas-
_zEspaña.
_9167347
830 0 _aInstituto Forestal de Investigaciones y Experiencias ;
_vAño XXII nº 57
_9181435
852 _aES-MaACL
_jP-569-Bis-44
999 _c189561
_d189561